MARC

LEADER 00000nam0a2200000 4500
001 23981
005 20231101205601.0
010 |a 2090338393 
035 |a (RuTPU)RU\TPU\book\24206 
035 |a BOOK00024279 
090 |a 23981 
100 |a 20011209d1998 m y0frey50 ba 
101 0 |a fre 
102 |a FR 
105 |a y j 000zy 
200 1 |a DALF B1, B2, B3, B4 450 Activites  |e Le nouvel Entrainez-vous  |f F. Tauzer-Sabatelli, J.-L. Montemont, S. Poisson-Quinton 
210 |a Paris  |c CLE International  |d 1998 
215 |a 256 p. 
606 1 |a Французский язык  |x Учебные руководства и пособия для вузов  |x Пособия по развитию речи  |2 stltpush  |3 (RuTPU)RU\TPU\subj\16839  |9 42739 
610 1 |a учебные пособия 
610 1 |a лексика 
610 1 |a общение 
610 1 |a разговорная речь 
610 1 |a упражнения 
686 |a Ш147.11-923.4  |v LBC/SL-A  |2 rubbk 
700 1 |a Tauzer-Sabatelli  |b F.  |g Francoise 
701 1 |a Montemont  |b J.-L.  |g Jean-Louis 
701 1 |a Poisson-Quinton  |b S.  |g Sylvie 
801 0 |a RU  |b 63413507  |c 20011209  |g PSBO 
801 2 |a RU  |b 63413507  |c 20170615  |g PSBO 
942 |c BK